Sets, logic, and categories /

Guardado en:
Autor Principal: Cameron, Peter J. 1947-
Formato: Libro
Idioma:English
Publicado: London : Springer, c1999.
Series:Springer undergraduate mathematics series
Materias:
Acceso en línea:Google Book Search
Etiquetas: Agregar Etiqueta
Sin Etiquetas, Sea el primero en etiquetar este registro!
LEADER 00883cam a2200253 a 4500
001 MAT.inmabb003984
008 980701s1999####enka#####b####001#0#eng##
005 20130404144229.0
245 1 0 |a Sets, logic, and categories /  |c Peter J. Cameron. 
260 |a London :  |b Springer,  |c c1999. 
300 |a x, 180 p. :  |b il. ;  |c 24 cm. 
440 0 |a Springer undergraduate mathematics series 
504 |a Incluye referencias bibliográficas (p. 175-176) e índice. 
510 4 |a MR,  |c 2001b:03001 
020 |a 1852330562 
100 1 |a Cameron, Peter J.  |q (Peter Jephson),  |d 1947- 
650 0 |a Set theory. 
650 0 |a Logic, Symbolic and mathematical. 
650 0 |a Categories (Mathematics) 
084 |a 03-01  |2 msc2000 
010 |a  98029309  
040 |a DLC  |c DLC  |d DLC 
856 4 1 |u http://books.google.com/books?isbn=1852330562  |y Google Book Search 
859 |h 03  |i C182  |p A-8393  |b BIB. MATEMATICA